| 000 -LEADER |
| fixed length control field |
01079cam a2200241 a 4500 |
| 020 ## - INTERNATIONAL STANDARD BOOK NUMBER |
| ISBN |
9291152021 |
| 040 ## - CATALOGING SOURCE |
| Transcribing agency |
DLC |
| 082 ## - DEWEY DECIMAL CLASSIFICATION NUMBER |
| Classification number |
363 ICI 2000 C442 Or. |
| 245 04 - TITLE STATEMENT |
| Title |
The People and Resource Dynamics Project : |
| Remainder of title |
the first three years, 1996-1999 / |
| 260 ## - PUBLICATION, DISTRIBUTION, ETC. (IMPRINT) |
| Place of publication |
Kathmandu : |
| Name of publisher |
International Centre for Integrated Mountain Development, |
| Year of publication |
c2000. |
| 300 ## - PHYSICAL DESCRIPTION |
| Number of Pages |
xv, 333 p. : |
| Other physical details |
ill. (some col.), maps (some col.) ; |
| Dimensions |
26 cm. |
| 500 ## - GENERAL NOTE |
| General note |
"Proceedings of workshop held in Baoshan, Yunnan Province, China, March 2-5, 1999." |
| 500 ## - GENERAL NOTE |
| General note |
Technical and intellectual support by Swiss Agency for Development and Cooperation and International Development Research Centre (Canada). |
| 520 ## - SUMMARY, ETC. |
| Summary, etc |
With reference to Hindu Kush-Himalayan region. |
| 650 #0 - SUBJECT ADDED ENTRY--TOPICAL TERM |
| Topical Term |
Environmental degradation |
| 650 #0 - SUBJECT ADDED ENTRY--TOPICAL TERM |
| Topical Term |
Conservation of natural resources |
| 650 #0 - SUBJECT ADDED ENTRY--TOPICAL TERM |
| Topical Term |
Sustainable development |
| 700 1# - ADDED ENTRY--PERSONAL NAME |
| Personal name |
Allen, Richard, |
| 710 2# - ADDED ENTRY--CORPORATE NAME |
| Corporate name or jurisdiction name as entry element |
Switzerland. |
| 710 2# - ADDED ENTRY--CORPORATE NAME |
| Corporate name or jurisdiction name as entry element |
International Development Research Centre (Canada) |
| 710 2# - ADDED ENTRY--CORPORATE NAME |
| Corporate name or jurisdiction name as entry element |
International Centre for Integrated Mountain Development. |
| 942 ## - ADDED ENTRY ELEMENTS (KOHA) |
| Koha item type |
ADB |
| 952 ## - LOCATION AND ITEM INFORMATION (KOHA) |
| Withdrawn status [LOCAL, KOHA] |
0 |